000 00893cam a2200265 i 4500
001 26048
003 Mx-PuUPA
005 20220304112837.0
008 140415s1989 pn a gr 000 0 spa d
020 _a0944499511
040 _aMx-PuUPA
_bspa
_cMx-PuUPA
_dMx-PuUPA
_erda
041 0 _aspa
245 1 0 _aManual del filatelista /
_cdirección general, María Eloísa Álvarez del Real.
264 1 _aPanamá :
_bEditorial América,
_c©1989
300 _a224 páginas :
_bilustraciones, fotografías ;
_c20 cm.
336 _atexto
_2rdacontent
_btxt
337 _asin medio
_2rdamedia
_bn
338 _avolumen
_2rdacarrier
_bnc
650 7 _aFilatelia y filatelistas
_2armarc
650 7 _aSellos postales
_2armarc
700 1 _aAlvarez del Real, María Eloísa,
_edirector
_91638
942 _2ddc
_cLI
_h769.56
_iM2665
999 _c26048
_d26048